| 000 | 00614nam a22001457a 4500 | ||
|---|---|---|---|
| 020 | _a978-0-00-730082-2 | ||
| 082 |
_a823 _bAHE/I |
||
| 100 | _aAHERN, CECELIA | ||
| 245 | _aIF YOU COULD SEE ME NOW | ||
| 260 |
_aLONDON _bHARPER COLLINS _c2005 |
||
| 300 | _a407 | ||
| 520 | _aAs a reluctant mother to her sister Saoirse's young son Luke and with her own business to run, every precious moment is made to count. But with Saoirse crashing in and out of their lives, leaving both her sister and her son reeling, Luke and Elizabeth are desperately in need of some magic. | ||
| 650 |
_aNOVEL _zUNITED KINGDOM |
||
| 942 | _cBK | ||
| 999 |
_c2579 _d2579 |
||